000 00479cam a22001577a 4500
008 180718b2000 xxu||||| |||| 00| 0 eng d
020 _a8124107068
082 _aDx54 So57d
245 _aDemocratic peace: the foreign policy implications
_cedited by M.L. Sondhi
260 _aNew Delhi
_bHar-Anand
_c2000
300 _a183p.
650 _aIndia --Foreign relations --1984-
650 _aSecurity, International
650 _aWorld politics --1945-1989
700 _aSondhi, M.L.
999 _c394356
_d394356